CIBSE releases sustainability toolkit (Record no. 78914)

MARC details
000 -LEADER
fixed length control field 01100cam a22002055a 4500
001 - CONTROL NUMBER
control field L138566
008 - FIXED-LENGTH DATA ELEMENTS--GENERAL INFORMATION
fixed length control field 070621e20070618xxk f 000 0 eng d
035 ## - SYSTEM CONTROL NUMBER
System control number (Sirsi) u138566
041 0# - LANGUAGE CODE
Language code of text/sound track or separate title eng
110 2# - MAIN ENTRY--CORPORATE NAME
Corporate name or jurisdiction name as entry element Chartered Institution of Building Services Engineers
9 (RLIN) 2360
245 00 - TITLE STATEMENT
Title CIBSE releases sustainability toolkit
Medium [electronic resource]
260 ## - PUBLICATION, DISTRIBUTION, ETC.
Date of publication, distribution, etc. 2007
490 #0 - SERIES STATEMENT
Series statement CIBSE Press Release
Volume/sequential designation 18 June 2007
520 ## - SUMMARY, ETC.
Summary, etc. CIBSE has delivered its sustainability toolkit, launched at the its National Conference in April. It consists of an three new items to help professionals achieve a more sustainable built environment. An introductory guide to sustainability is supplemented by a full guide setting out fundamental principles, sustainable techniques and technologies and a searchable online database of good practice guidance.
590 ## - LOCAL NOTE (RLIN)
Local note KA NTK
651 #4 - SUBJECT ADDED ENTRY--GEOGRAPHIC NAME
Geographic name United Kingdom
Chronological subdivision
690 ## - LOCAL SUBJECT ADDED ENTRY--TOPICAL TERM (OCLC, RLIN)
Topical term or geographic name as entry element BUILT ENVIRONMENT-SUSTAINABLE CONSTRUCTION
856 48 - ELECTRONIC LOCATION AND ACCESS
Uniform Resource Identifier <a href="https://www.cibse.org/index.cfm?action=showpage&pageID=720&TopSecID=16">https://www.cibse.org/index.cfm?action=showpage&pageID=720&TopSecID=16</a>
Public note View the article free of charge at www.cibse.org...
942 ## - ADDED ENTRY ELEMENTS (KOHA)
Suppress in OPAC 0
Holdings
Withdrawn status Lost status Source of classification or shelving scheme Damaged status Not for loan Home library Current library Shelving location Date acquired Total Checkouts Full call number Barcode Date last seen Copy number Price effective from Koha item type
    Dewey Decimal Classification     Virtual Virtual Online 21/06/2007   ONLINE PUBLICATION 138566-1001 06/08/2019 1 06/08/2019 Journal article